Fundamentals of manufacturing processes and materials

保存先:
書誌詳細
第一著者: Edgar, Carroll
フォーマット: 図書
言語:Undetermined
出版事項: London Addison-Wesley Publishing Company, Inc. 1965
主題:
タグ: タグ追加
タグなし, このレコードへの初めてのタグを付けませんか!
Thư viện lưu trữ: Trung tâm Học liệu Trường Đại học Cần Thơ
LEADER 00505nam a2200169Ia 4500
001 CTU_79097
008 210402s9999 xx 000 0 und d
082 |a 671 
082 |b E23 
100 |a Edgar, Carroll 
245 0 |a Fundamentals of manufacturing processes and materials 
245 0 |c Carroll Edgar 
260 |a London 
260 |b Addison-Wesley Publishing Company, Inc. 
260 |c 1965 
650 |a Manufacturing processes,Materials 
980 |a Trung tâm Học liệu Trường Đại học Cần Thơ